Пертская красавица, или Валентинов день: роман

Dades bibliogràfiques
Autor principal: Скотт В. Вальтер
Altres autors: Вольпин Н. Д. (переводчик), Белов Ю. Е. (иллюстратор)
Idioma:rus
Publicat: Ростов-на-Дону, Ростовское книжное изд-во, 1986
Matèries:
Format: Llibre
KOHA link:https://koha.lib.tpu.ru/cgi-bin/koha/opac-detail.pl?biblionumber=129180

MARC

LEADER 00000nam0a2200000 4500
001 129180
005 20260113120508.0
035 |a (RuTPU)RU\TPU\book\139802 
090 |a 129180 
100 |a 20080121d1986 m y0rusy5003 ca 
101 1 |a rus  |c eng 
102 |a RU 
105 |a a z 000ay 
200 1 |a Пертская красавица, или Валентинов день  |e роман  |f В. Скотт  |g пер. с англ. Н. Д. Вольпин ; худож. Ю. Е. Белов 
210 |a Ростов-на-Дону  |c Ростовское книжное изд-во  |d 1986 
215 |a 464 с.  |c ил.  |d 21 см 
606 |a Английская литература  |9 52454 
610 1 |a Шотландия 
610 1 |a 14 век 
610 1 |a художественная проза 
675 |a 82  |v 3 
700 1 |a Скотт  |b В.  |c английский писатель  |f 1771-1832  |g Вальтер  |3 (RuTPU)RU\TPU\pers\9275  |9 1830 
702 1 |a Вольпин  |b Н. Д.  |4 730 
702 1 |a Белов  |b Ю. Е.  |4 440 
801 0 |a RU  |b RuMRKP  |c 19950704  |g psbo 
801 1 |a RU  |b 63413507  |c 20080121  |g PSBO 
801 2 |a RU  |b 63413507  |c 20080129  |g PSBO 
942 |c BK